[Event "MetroWest Holiday Cheer"]
[Site "Natick"]
[Date "2014.12.30"]
[Round "5.3"]
[White "Foygel, Igor"]
[Black "Krasik, Ilya"]
[Result "0-1"]
[WhiteElo "2502"]
[BlackElo "2269"]
[PlyCount "62"]
[EventDate "2014.12.02"]
[EventType "swiss"]
[EventRounds "5"]
[EventCountry "USA"]
[SourceTitle "EXT 2023"]
[Source "ChessBase"]
[SourceDate "2022.10.05"]
[SourceVersion "1"]
[SourceVersionDate "2022.10.05"]
[SourceQuality "1"]

1. d4 Nf6 2. Nf3 g6 3. c4 Bg7 4. g3 0-0 5. Bg2 d6 6. 0-0 c6 7. Nc3 Qa5 8. e4 Bg4 9. h3 Bxf3 10. Bxf3 Nbd7 11. Be3 Qb4 12. Qe2 Nb6 13. e5 dxe5 14. dxe5 Nfd7 15. e6 Ne5 16. exf7+ Rxf7 17. Bg4 Nxg4 18. Qxg4 Qxc4 19. Ne4 Qb5 20. Ng5 Rf5 21. Qh4 h6 22. Ne6 Qxb2 23. Nd4 Rd5 24. Rab1 Rxd4 25. Qxe7 Qxa2 26. Bxd4 Bxd4 27. Qe4 Bg7 28. Qxg6 Qf7 29. Qxf7+ Kxf7 30. f4 a5 31. Kg2 Ra6 0-1

[Event "New England op 65th"]
[Site "Boxborough"]
[Date "2005.09.03"]
[Round "2"]
[White "Foygel, Igor"]
[Black "Vigorito, David"]
[Result "1/2-1/2"]
[WhiteElo "2438"]
[BlackElo "2360"]
[PlyCount "48"]
[EventDate "2005.09.03"]
[EventType "swiss"]
[EventRounds "6"]
[EventCountry "USA"]
[SourceTitle "CBM 108 Extra"]
[Source "ChessBase"]
[SourceDate "2005.11.04"]
[SourceVersion "1"]
[SourceVersionDate "2005.11.04"]
[SourceQuality "1"]

1. c4 g6 2. d4 Bg7 3. Nf3 Nf6 4. Nc3 0-0 5. Bg5 d6 6. e3 h6 7. Bh4 c5 8. d5 g5 9. Bg3 Nh5 10. Nd2 Nxg3 11. hxg3 Nd7 12. Qc2 Ne5 13. Be2 f5 14. f4 gxf4 15. gxf4 Ng4 16. Nf1 Qe8 17. Bxg4 fxg4 18. Ng3 e5 19. f5 e4 20. 0-0 Qe5 21. Rf4 Bxf5 22. Nxf5 Rxf5 23. Rxg4 Raf8 24. Qxe4 Qf6 1/2-1/2

[Event "Minneapolis HB Global op"]
[Site "Minneapolis"]
[Date "2005.05.21"]
[Round "7"]
[White "Hess, Robert L"]
[Black "Foygel, Igor"]
[Result "0-1"]
[WhiteElo "2278"]
[BlackElo "2438"]
[PlyCount "66"]
[EventDate "2005.05.18"]
[EventType "swiss"]
[EventRounds "9"]
[EventCountry "USA"]
[SourceTitle "CBM 107"]
[Source "ChessBase"]
[SourceDate "2005.08.01"]
[SourceVersion "1"]
[SourceVersionDate "2005.08.01"]
[SourceQuality "1"]

1. e4 d6 2. d4 Nf6 3. Nc3 g6 4. f3 c6 5. Be3 Qb6 6. Qd2 Qxb2 7. Rb1 Qa3 8. Bc4 Bg7 9. Nge2 Qa5 10. 0-0 Nbd7 11. h3 Qc7 12. Bb3 0-0 13. f4 b5 14. e5 b4 15. Na4 Nd5 16. Bxd5 cxd5 17. Rxb4 Ba6 18. Rfb1 Rac8 19. Nac3 e6 20. exd6 Qxd6 21. Na4 Bc4 22. Nc1 a5 23. Rb7 Qc6 24. Qxa5 Ra8 25. Qc7 Qxa4 26. Qxd7 Qxc2 27. R7b2 Qe4 28. Bf2 Qxf4 29. Nb3 Bxb3 30. axb3 Rac8 31. g3 Rc1+ 32. Kh2 Rxb1 33. gxf4 Rxb2 0-1

[Event "Minneapolis HB Global op"]
[Site "Minneapolis"]
[Date "2005.05.19"]
[Round "3"]
[White "Akobian, Varuzhan"]
[Black "Foygel, Igor"]
[Result "1-0"]
[WhiteElo "2556"]
[BlackElo "2438"]
[PlyCount "81"]
[EventDate "2005.05.18"]
[EventType "swiss"]
[EventRounds "9"]
[EventCountry "USA"]
[SourceTitle "CBM 107"]
[Source "ChessBase"]
[SourceDate "2005.08.01"]
[SourceVersion "1"]
[SourceVersionDate "2005.08.01"]
[SourceQuality "1"]

1. d4 Nf6 2. c4 g6 3. Nc3 Bg7 4. Nf3 0-0 5. Bg5 d6 6. e3 Nbd7 7. Be2 c6 8. Qc2 Qc7 9. 0-0 e5 10. Rfd1 Re8 11. Rac1 Nf8 12. b4 Bf5 13. Qb3 Ne4 14. Nxe4 Bxe4 15. dxe5 dxe5 16. Nd2 Bf5 17. c5 Ne6 18. Bh4 g5 19. Bg3 Nf4 20. Bf1 Be6 21. Qc2 f5 22. Nc4 Nd5 23. e4 f4 24. exd5 cxd5 25. Nd6 Rf8 26. Qb3 fxg3 27. hxg3 Rad8 28. Rc2 Kh8 29. Rcd2 Bf6 30. Rxd5 b6 31. Qe3 Bxd5 32. Rxd5 bxc5 33. bxc5 Qg7 34. Bd3 Be7 35. Nf5 Qf6 36. Nxe7 Qxe7 37. Rxe5 Qf6 38. Be2 h6 39. Re6 Qa1+ 40. Kh2 Rf6 41. c6 1-0

[Event "Foxwoods op 06th"]
[Site "Connecticut"]
[Date "2004.04.07"]
[Round "1"]
[White "Foygel, Igor"]
[Black "Simon, Jerry C"]
[Result "1-0"]
[WhiteElo "2462"]
[BlackElo "2202"]
[PlyCount "77"]
[EventDate "2004.04.07"]
[EventType "swiss"]
[EventRounds "9"]
[EventCountry "USA"]
[SourceTitle "CBM 099 Extra"]
[Source "ChessBase"]
[SourceDate "2004.05.04"]
[SourceVersion "1"]
[SourceVersionDate "2004.05.04"]
[SourceQuality "1"]

1. e4 d6 2. d4 Nf6 3. Nc3 c6 4. Nf3 Bg4 5. Be2 e6 6. 0-0 Be7 7. Be3 0-0 8. Nd2 Bxe2 9. Nxe2 d5 10. e5 Nfd7 11. f4 c5 12. c4 Nc6 13. cxd5 exd5 14. Nf3 cxd4 15. Nfxd4 Nxd4 16. Bxd4 Rc8 17. Kh1 Nc5 18. Bxc5 Bxc5 19. Nc3 d4 20. Ne4 Qd5 21. Qd3 Be7 22. Rae1 Rc6 23. a3 Rd8 24. Nd2 a5 25. f5 Rh6 26. Nf3 Rb6 27. Qd2 d3 28. Rc1 Rc6 29. Rxc6 bxc6 30. Qc3 a4 31. f6 Bf8 32. h3 gxf6 33. exf6 Bd6 34. Qd2 Qf5 35. Nh2 Qg6 36. Ng4 Kh8 37. Nh6 Rd7 38. Re1 Qg3 39. Re8+ 1-0

[Event "MetroWest CC May op"]
[Site "Natick"]
[Date "2004.??.??"]
[Round "1"]
[White "Foygel, Igor"]
[Black "Stothert, Alec"]
[Result "1-0"]
[WhiteElo "2490"]
[BlackElo "1950"]
[PlyCount "44"]
[EventDate "2004.??.??"]
[EventType "swiss"]
[EventRounds "4"]
[EventCountry "USA"]
[SourceTitle "EXT 2007"]
[Source "ChessBase"]
[SourceDate "2006.11.23"]
[SourceVersion "1"]
[SourceVersionDate "2006.11.23"]
[SourceQuality "1"]

1. e4 c5 2. Nf3 Nc6 3. Bb5 e6 4. Bxc6 bxc6 5. 0-0 d5 6. d3 Ne7 7. c4 Ng6 8. b3 Be7 9. Nc3 0-0 10. Ba3 Bf6 11. Qe1 Bxc3 12. Qxc3 d4 13. Qd2 Qb6 14. e5 a5 15. h4 Ra7 16. h5 Ne7 17. h6 Ng6 18. hxg7 Kxg7 19. Qg5 Qd8 20. Bxc5 Qxg5 21. Nxg5 Rd7 22. Bxf8+ Nxf8 1-0

[Event "MetroWest CC-ch"]
[Site "Natick"]
[Date "2004.??.??"]
[Round "3"]
[White "Foygel, Igor"]
[Black "Todhunter, James"]
[Result "1-0"]
[WhiteElo "2485"]
[BlackElo "1800"]
[PlyCount "43"]
[EventDate "2004.??.??"]
[EventType "swiss"]
[EventRounds "3"]
[EventCountry "USA"]
[SourceTitle "EXT 2007"]
[Source "ChessBase"]
[SourceDate "2006.11.23"]
[SourceVersion "1"]
[SourceVersionDate "2006.11.23"]
[SourceQuality "1"]

1. e4 c6 2. c4 g6 3. Nc3 Bg7 4. d4 e6 5. Nf3 Ne7 6. e5 d5 7. exd6 Qxd6 8. Ne4 Qd8 9. Bf4 0-0 10. Qd2 b6 11. 0-0-0 Na6 12. h4 c5 13. h5 Bb7 14. Bd3 Nf5 15. hxg6 fxg6 16. Nfg5 Qd7 17. Rxh7 Qxd4 18. Qe2 Nb4 19. Bb1 Nxa2+ 20. Bxa2 Qxb2+ 21. Qxb2 Bxb2+ 22. Kxb2 1-0

[Event "Massachusetts-ch g/60'"]
[Site "Natick"]
[Date "2003.03.23"]
[Round "3"]
[White "Paschall, William M"]
[Black "Foygel, Igor"]
[Result "1/2-1/2"]
[WhiteElo "2478"]
[BlackElo "2538"]
[PlyCount "29"]
[EventDate "2003.??.??"]
[EventType "swiss"]
[EventRounds "1"]
[EventCountry "USA"]
[SourceTitle "EXT 2005"]
[Source "ChessBase"]
[SourceDate "2004.11.15"]
[SourceVersion "1"]
[SourceVersionDate "2004.11.15"]
[SourceQuality "1"]

1. e4 d6 2. d4 Nf6 3. Nc3 g6 4. Nf3 Bg7 5. Be2 0-0 6. 0-0 Bg4 7. Be3 Nc6 8. Qd2 e5 9. dxe5 dxe5 10. Rad1 Qc8 11. Qc1 Rd8 12. Rxd8+ Qxd8 13. Rd1 Qf8 14. h3 Bxf3 15. Bxf3 1/2-1/2

[Event "USA-ch"]
[Site "Seattle"]
[Date "2003.01.18"]
[Round "9"]
[White "Foygel, Igor"]
[Black "Serper, Grigory"]
[Result "1/2-1/2"]
[WhiteElo "2474"]
[BlackElo "2556"]
[PlyCount "26"]
[EventDate "2003.01.09"]
[EventType "swiss"]
[EventRounds "9"]
[EventCountry "USA"]
[SourceTitle "CBM 093"]
[Source "ChessBase"]
[SourceDate "2003.04.01"]
[SourceVersion "1"]
[SourceVersionDate "2003.04.01"]
[SourceQuality "1"]

1. e4 c5 2. Nf3 e6 3. d3 d5 4. Nbd2 Nc6 5. g3 Bd6 6. Bg2 Nge7 7. 0-0 0-0 8. Re1 Qc7 9. Nh4 g5 10. Nhf3 f6 11. d4 Nxd4 12. Nxd4 cxd4 13. exd5 e5 1/2-1/2

[Event "USA-ch"]
[Site "Seattle"]
[Date "2003.01.15"]
[Round "6"]
[White "Finegold, Benjamin"]
[Black "Foygel, Igor"]
[Result "0-1"]
[WhiteElo "2551"]
[BlackElo "2474"]
[PlyCount "82"]
[EventDate "2003.01.09"]
[EventType "swiss"]
[EventRounds "9"]
[EventCountry "USA"]
[SourceTitle "CBM 093"]
[Source "ChessBase"]
[SourceDate "2003.04.01"]
[SourceVersion "1"]
[SourceVersionDate "2003.04.01"]
[SourceQuality "1"]

1. d4 d6 2. Nf3 Bg4 3. e4 Nf6 4. Nc3 e6 5. h3 Bh5 6. g4 Bg6 7. Qe2 c6 8. h4 h5 9. g5 Nfd7 10. Bh3 Be7 11. Qe3 Na6 12. a3 d5 13. Bd2 0-0 14. exd5 exd5 15. 0-0-0 Re8 16. Rhe1 Nc7 17. Ne5 Nxe5 18. dxe5 Ne6 19. f4 Bc5 20. Qg3 Nd4 21. Na4 Bf8 22. Ba5 Qxa5 23. Rxd4 c5 24. Rxd5 Qxa4 25. f5 Rad8 26. fxg6 fxg6 27. Red1 Rxd5 28. Rxd5 Qc4 29. Rd7 Kh7 30. e6 Qa2 31. c3 b5 32. Qe3 Be7 33. Bf1 Qa1+ 34. Kc2 Qxf1 35. Rxa7 Qf5+ 36. Qd3 Qxe6 37. Qxb5 Bd6 38. Rb7 Rf8 39. Kb1 Qd5 40. a4 Qe4+ 41. Ka2 Ra8 0-1

[Event "MetroWest CC Holiday op"]
[Site "Natick"]
[Date "2003.??.??"]
[Round "1"]
[White "Mishkin, Paul Alan"]
[Black "Foygel, Igor"]
[Result "0-1"]
[WhiteElo "1840"]
[BlackElo "2515"]
[PlyCount "42"]
[EventDate "2003.??.??"]
[EventType "swiss"]
[EventRounds "4"]
[EventCountry "USA"]
[SourceTitle "EXT 2007"]
[Source "ChessBase"]
[SourceDate "2006.11.23"]
[SourceVersion "1"]
[SourceVersionDate "2006.11.23"]
[SourceQuality "1"]

1. d4 Nf6 2. Bg5 Ne4 3. Bf4 c5 4. f3 Qa5+ 5. c3 Nf6 6. e4 cxd4 7. Bxb8 dxc3 8. Nxc3 Rxb8 9. Bc4 e6 10. Qb3 Be7 11. Nge2 Qc5 12. Rd1 b5 13. Bxb5 a6 14. Qc4 axb5 15. Qxc5 Bxc5 16. Nd4 b4 17. Na4 Ba7 18. Nc2 0-0 19. Kd2 d6 20. Kc1 Bd7 21. e5 Nd5 0-1

[Event "Foxwoods op 04th"]
[Site "Connecticut"]
[Date "2002.03.31"]
[Round "6"]
[White "Foygel, Igor"]
[Black "Smirin, Ilia"]
[Result "0-1"]
[WhiteElo "2474"]
[BlackElo "2702"]
[PlyCount "59"]
[EventDate "2002.03.28"]
[EventType "swiss"]
[EventRounds "7"]
[EventCountry "USA"]
[SourceTitle "CBM 087 Extra"]
[Source "ChessBase"]
[SourceDate "2002.05.03"]
[SourceVersion "2"]
[SourceVersionDate "2002.08.09"]
[SourceQuality "1"]

1. Nf3 Nf6 2. g3 g6 3. b3 Bg7 4. Bb2 d6 5. d4 c5 6. c4 cxd4 7. Nxd4 d5 8. Bg2 e5 9. Nc2 d4 10. Ba3 h5 11. h3 Nc6 12. e3 Qa5+ 13. b4 Qc7 14. exd4 Nxd4 15. Nxd4 exd4 16. Nd2 0-0 17. 0-0 Bf5 18. Qf3 Rab8 19. Rfe1 Nd7 20. b5 Rfe8 21. Ne4 d3 22. Bd6 Qxc4 23. Nd2 Qxb5 24. Bxb8 Rxb8 25. Rab1 Qa5 26. Red1 b6 27. Bf1 Qxa2 28. Rb5 Nc5 29. Qf4 Rd8 30. Qc7 0-1

[Event "Foxwoods op 04th"]
[Site "Connecticut"]
[Date "2002.03.31"]
[Round "7"]
[White "Wall, Gavin"]
[Black "Foygel, Igor"]
[Result "1/2-1/2"]
[WhiteElo "2378"]
[BlackElo "2474"]
[PlyCount "66"]
[EventDate "2002.03.28"]
[EventType "swiss"]
[EventRounds "7"]
[EventCountry "USA"]
[SourceTitle "CBM 087 Extra"]
[Source "ChessBase"]
[SourceDate "2002.05.03"]
[SourceVersion "2"]
[SourceVersionDate "2002.08.09"]
[SourceQuality "1"]

1. e4 d6 2. d4 Nf6 3. Nc3 g6 4. h4 a6 5. Be2 h6 6. e5 dxe5 7. dxe5 Qxd1+ 8. Bxd1 Nfd7 9. Nd5 Kd8 10. e6 fxe6 11. Nf4 Ne5 12. c3 c5 13. Be3 Rg8 14. Bxc5 g5 15. hxg5 hxg5 16. Bb6+ Ke8 17. Bh5+ Kd7 18. 0-0-0+ Kc6 19. Bd4 Bg7 20. Nf3 Nxf3 21. Bxf3+ Kc7 22. Bxg7 Rxg7 23. Nd3 g4 24. Be4 Nd7 25. f4 Rb8 26. g3 b5 27. b4 Rb6 28. Nc5 Nxc5 29. bxc5 Rb8 30. c6 b4 31. Rh8 Rf7 32. Rh5 bxc3 33. Rd3 Rb4 1/2-1/2

[Event "USA-ch"]
[Site "Seattle"]
[Date "2002.01.10"]
[Round "6"]
[White "Kaufman, Larry C"]
[Black "Foygel, Igor"]
[Result "1/2-1/2"]
[WhiteElo "2400"]
[BlackElo "2474"]
[PlyCount "122"]
[EventDate "2002.01.05"]
[EventType "swiss"]
[EventRounds "9"]
[EventCountry "USA"]
[SourceTitle "CBM 087"]
[Source "ChessBase"]
[SourceDate "2002.03.21"]
[SourceVersion "1"]
[SourceVersionDate "2002.03.21"]
[SourceQuality "1"]

1. d4 Nf6 2. c4 g6 3. Nc3 Bg7 4. e4 d6 5. Nf3 0-0 6. Be2 e5 7. 0-0 Nbd7 8. Qc2 h6 9. Rd1 Nh7 10. Be3 Ng5 11. Nxg5 exd4 12. Nxf7 Rxf7 13. Rxd4 Bxd4 14. Bxd4 Nf8 15. Qd2 Ne6 16. Be3 g5 17. g3 Bd7 18. Kh1 Qf6 19. f4 gxf4 20. gxf4 Qh4 21. f5 Bc6 22. Rg1+ Rg7 23. Bf3 Rxg1+ 24. Kxg1 Ng5 25. Bxg5 Qxg5+ 26. Qxg5+ hxg5 27. Kf2 Kg7 28. h3 Kf6 29. Ke3 Rh8 30. Bg2 Rh4 31. Nd1 g4 32. hxg4 Rxg4 33. Bf3 Rh4 34. Nf2 Be8 35. b3 Bf7 36. Nd3 a5 37. c5 dxc5 38. Nxc5 Rh2 39. Nxb7 Rxa2 40. Nc5 Bxb3 41. Kf4 a4 42. e5+ Kg7 43. Kg5 Rc2 44. f6+ Kf8 45. Nxb3 axb3 46. e6 Rc5+ 47. Kg6 b2 48. e7+ Ke8 49. Be4 Rc1 50. Kg7 Rg1+ 51. Kh6 b1Q 52. Bc6+ Kf7 53. e8Q+ Kxf6 54. Qd8+ Ke5 55. Qxc7+ Kd4 56. Qd6+ Kc3 57. Qc5+ Kd2 58. Qd4+ Qd3 59. Qf2+ Qe2 60. Qxg1 Qe3+ 61. Qxe3+ Kxe3 1/2-1/2

[Event "USA-ch"]
[Site "Seattle"]
[Date "2002.01.09"]
[Round "5"]
[White "Foygel, Igor"]
[Black "Vucic, Mladen"]
[Result "1-0"]
[WhiteElo "2474"]
[BlackElo "2396"]
[PlyCount "81"]
[EventDate "2002.01.05"]
[EventType "swiss"]
[EventRounds "9"]
[EventCountry "USA"]
[SourceTitle "CBM 087"]
[Source "ChessBase"]
[SourceDate "2002.03.21"]
[SourceVersion "1"]
[SourceVersionDate "2002.03.21"]
[SourceQuality "1"]

1. c4 Nf6 2. Nc3 c5 3. g3 e6 4. Nf3 b6 5. Bg2 Bb7 6. 0-0 Be7 7. d4 cxd4 8. Qxd4 d6 9. Rd1 a6 10. Be3 Nbd7 11. Ng5 Bxg2 12. Kxg2 0-0 13. Nge4 Ne8 14. Rac1 f5 15. Nd2 Bf6 16. Qd3 Ne5 17. Qc2 Ng4 18. Nf1 Qc7 19. Qa4 Qb7+ 20. Kg1 Nxe3 21. Nxe3 Bg5 22. f4 Bf6 23. Rd3 g5 24. Ng2 Rb8 25. Qb3 Qc6 26. Re1 Rc8 27. e4 Bxc3 28. Rxc3 fxe4 29. fxg5 Qc5+ 30. Kh1 Qf2 31. h4 Ng7 32. Rc2 Qf5 33. Kh2 Nh5 34. Rce2 b5 35. cxb5 d5 36. Ne3 Qf3 37. Rg2 Qf7 38. Ng4 Qc7 39. Qd1 axb5 40. Nh6+ Kg7 41. Qxh5 1-0

[Event "Northeast Fall Getaway op"]
[Site "Chelmsford"]
[Date "2001.11.18"]
[Round "4"]
[White "Foygel, Igor"]
[Black "Yudasin, Leonid"]
[Result "1/2-1/2"]
[WhiteElo "2558"]
[BlackElo "2692"]
[PlyCount "34"]
[EventDate "2001.11.??"]
[EventType "swiss"]
[EventRounds "5"]
[EventCountry "USA"]
[SourceTitle "EXT 2005"]
[Source "ChessBase"]
[SourceDate "2004.11.15"]
[SourceVersion "1"]
[SourceVersionDate "2004.11.15"]
[SourceQuality "1"]

1. d4 Nf6 2. c4 e6 3. g3 c5 4. Nf3 cxd4 5. Nxd4 a6 6. Bg2 Qc7 7. Nd2 Be7 8. 0-0 0-0 9. b3 d6 10. Bb2 Bd7 11. b4 Nc6 12. Qb3 Rac8 13. Rfc1 Nxd4 14. Bxd4 Bc6 15. e4 Ng4 16. h3 Bf6 17. Nf3 Bxe4 1/2-1/2

[Event "US Open-102"]
[Site "Framingham"]
[Date "2001.08.12"]
[Round "9"]
[White "Foygel, Igor"]
[Black "Atalik, Suat"]
[Result "1/2-1/2"]
[WhiteElo "2462"]
[BlackElo "2537"]
[PlyCount "60"]
[EventDate "2001.08.04"]
[EventType "swiss"]
[EventRounds "9"]
[EventCountry "USA"]
[SourceTitle "CBM 083 Extra"]
[Source "ChessBase"]
[SourceDate "2001.09.11"]
[SourceVersion "1"]
[SourceVersionDate "2001.09.11"]
[SourceQuality "1"]

1. d4 d5 2. c4 c6 3. cxd5 cxd5 4. Nf3 Nc6 5. Nc3 Nf6 6. Bf4 Nh5 7. Be5 e6 8. e3 Be7 9. Bd3 0-0 10. a3 f5 11. 0-0 Bd7 12. Rc1 Be8 13. Na4 Nf6 14. Bxf6 Rxf6 15. Nc5 b6 16. Nb3 Rc8 17. Ba6 Rc7 18. Ne5 Bd6 19. f4 Nb8 20. Qd3 Ba4 21. Rxc7 Bxc7 22. Bb5 Bxb3 23. Qxb3 Bxe5 24. dxe5 Rf7 25. Rc1 Rc7 26. Rxc7 Qxc7 27. h3 Kf7 28. Kh2 Qc1 29. Qa4 a6 30. Bxa6 Nxa6 1/2-1/2

[Event "Massachusets op 70th"]
[Site "Marlboro"]
[Date "2001.05.28"]
[Round "5"]
[White "Foygel, Igor"]
[Black "Garcia, Diego"]
[Result "1-0"]
[WhiteElo "2519"]
[BlackElo "2299"]
[PlyCount "60"]
[EventDate "2001.05.??"]
[EventType "swiss"]
[EventRounds "6"]
[EventCountry "USA"]
[SourceTitle "EXT 2005"]
[Source "ChessBase"]
[SourceDate "2004.11.15"]
[SourceVersion "1"]
[SourceVersionDate "2004.11.15"]
[SourceQuality "1"]

1. d4 Nf6 2. c4 g6 3. Nc3 Bg7 4. e4 d6 5. Be2 0-0 6. Nf3 e5 7. d5 a5 8. Bg5 h6 9. Bh4 Na6 10. Nd2 Bd7 11. g4 Qe8 12. f3 Nh7 13. Bf2 f5 14. h4 fxg4 15. fxg4 Nf6 16. h5 Nc5 17. Be3 gxh5 18. gxh5 Kh7 19. Nf1 c6 20. a4 Rc8 21. Ng3 cxd5 22. cxd5 Qd8 23. Ra3 Qb6 24. Nb5 Rg8 25. Rf1 Qd8 26. Nxd6 Bxa4 27. Rxa4 Nxa4 28. Nxc8 Nxb2 29. Qb3 Qxc8 30. Qxb2 Nd7 1-0

[Event "Eastern Class-ch 10th"]
[Site "Woburn"]
[Date "2001.03.04"]
[Round "4"]
[White "Mac Intyre, Paul"]
[Black "Foygel, Igor"]
[Result "0-1"]
[WhiteElo "2319"]
[BlackElo "2517"]
[PlyCount "70"]
[EventDate "2001.??.??"]
[EventType "swiss"]
[EventRounds "5"]
[EventCountry "USA"]
[SourceTitle "EXT 2005"]
[Source "ChessBase"]
[SourceDate "2004.11.15"]
[SourceVersion "1"]
[SourceVersionDate "2004.11.15"]
[SourceQuality "1"]

1. e4 g6 2. d4 Bg7 3. Nf3 d6 4. Nc3 Nf6 5. Be2 0-0 6. 0-0 c6 7. a4 Qc7 8. h3 Nbd7 9. Be3 b6 10. Qd2 Bb7 11. Bh6 a6 12. Qg5 b5 13. e5 Bxh6 14. Qxh6 dxe5 15. dxe5 Nxe5 16. Ng5 Ned7 17. Bg4 c5 18. Rfe1 e5 19. Rad1 Rad8 20. axb5 axb5 21. Nd5 Bxd5 22. Rxd5 Rfe8 23. f4 e4 24. f5 Nf8 25. fxg6 hxg6 26. Rxd8 Qxd8 27. Rf1 Nxg4 28. hxg4 f6 29. Nh3 e3 30. Qf4 e2 31. Re1 Ne6 32. Qh6 Qd4+ 33. Nf2 Nf8 34. c3 Qd6 35. Qh2 Qd2 0-1